000 01650nam2a22002411 4500
001 RU\NLR\INFOCOMM16\1000088092
005 20250617072312.0
035 _a(NLR Aleph) 002549849
090 _a3010098
_c3010098
100 _a20040511d1955 |||y0rusy50 ca
101 0 _arus
102 _aRU
105 _ay |||||||||
200 1 _aЭкспериментальное определение режимов работы рессор автомобиля ЗИС-150
_fОтд-ние автомоб. науч.-исслед. лабораторий. Лаборатория устойчивости и подвески
210 _d1955
_aБ. м.
461 0 _1001RU\NLR\INFOCOMM16\1000087962
_12001#$aТехнический отчет$fМ-во автомоб. и тракторной пром-сти СССР. Гос. ордена Трудового Красного Знамени науч.-исслед. автомоб. и автомоторный ин-т. НАМИ. Отд. техн. информации$v№132
_93008972
_aНаучно-исследовательский автомобильный и автомоторный институт (Москва)
_cМ.
_d1948-1958
_fМ-во автомоб. и тракторной пром-сти СССР. Гос. ордена Трудового Красного Знамени науч.-исслед. автомоб. и автомоторный ин-т. НАМИ. Отд. техн. информации
_tТехнический отчет
_v№132
801 1 _aRU
_bInfoComm
_c20040511
801 0 _aRU
_bNLR
_gPSBO
852 _aNLR
_jП11/725
942 _cISSUE
980 _aNB
980 _aRUSPER